书目信息 |
| 题名: |
结石病健康宜忌
|
|
| 作者: | 葛艳华 , 佟燕玲 主编 | |
| 分册: | ||
| 出版信息: | 长春 吉林科学技术出版社 2005.01 |
|
| 页数: | 85页 | |
| 开本: | 20cm | |
| 丛书名: | ||
| 单 册: | ||
| 中图分类: | R693 | |
| 科图分类: | ||
| 主题词: | 结石病 , 泌尿系统疾病 | |
| 电子资源: | ||
| ISBN: | 7-5384-2946-8 | |
| 000 | 00728nam0 2200241 450 | |
| 001 | 1141469499 | |
| 005 | 20111227113518.84 | |
| 010 | @a7-5384-2946-8@dCNY14.00 | |
| 100 | @a20111227d2005 km y0chiy0120 ea | |
| 101 | 0 | @achi |
| 102 | @aCN@b220000 | |
| 105 | @aa z 000yy | |
| 200 | 1 | @a结石病健康宜忌@Ajie shi bing jian kang yi ji@f葛艳华, 佟燕玲主编@Fge yan hua,tong yan ling zhu bian |
| 205 | @a第2版 | |
| 210 | @a长春@c吉林科学技术出版社@d2005.01 | |
| 215 | @a85页@c图@d20cm | |
| 606 | 0 | @a结石病 |
| 606 | 0 | @a泌尿系统疾病 |
| 690 | @aR693@v4 | |
| 701 | 0 | @a葛艳华@Age yan hua@4主编 |
| 701 | 0 | @a佟燕玲@Atong yan ling@4主编 |
| 801 | 0 | @aCN@b大连网信软件有限公司图书馆·11@c20111227 |
| 905 | @aZUCC@dR693@eG317=2@f3 | |
| 结石病健康宜忌/葛艳华, 佟燕玲主编.-第2版.-长春:吉林科学技术出版社,2005.01 |
| 85页:图;20cm |
| ISBN 7-5384-2946-8:CNY14.00 |
| ● |
| 相关链接 |
|
|
|
正题名:结石病健康宜忌
索取号:R693/G317=2
 
预约/预借
| 序号 | 登录号 | 条形码 | 馆藏地/架位号 | 状态 | 备注 |
| 1 | 1181958 | 211819585 | 自科库401/401自科库 19排4列4层/ [索取号:R693/G317=2] | 在馆 | |
| 2 | 1181959 | 211819594 | 自科库401/401自科库 19排4列4层/ [索取号:R693/G317=2] | 在馆 | |
| 3 | 1181960 | 211819601 | 自科库401/401自科库 19排4列4层/ [索取号:R693/G317=2] | 在馆 |